Super-state : (Record no. 15920)
[ view plain ]
| 000 -LEADER | |
|---|---|
| fixed length control field | 01495nam a2200205 a 4500 |
| 001 - CONTROL NUMBER | |
| control field | ASIN1860648436 |
| 005 - DATE AND TIME OF LATEST TRANSACTION | |
| control field | 20170105102928.0 |
| 008 - FIXED-LENGTH DATA ELEMENTS--GENERAL INFORMATION | |
| fixed length control field | 131213s2004 xxu eng d |
| 020 ## - INTERNATIONAL STANDARD BOOK NUMBER | |
| International Standard Book Number | 1860648436 (hardcover) |
| Terms of availability | $75.00 |
| 020 ## - INTERNATIONAL STANDARD BOOK NUMBER | |
| International Standard Book Number | 9781860648434 (hardcover) |
| 040 ## - CATALOGING SOURCE | |
| Original cataloging agency | 0 |
| 082 ## - DEWEY DECIMAL CLASSIFICATION NUMBER | |
| Classification number | 320.9409045 |
| Author Mark | HAS 2005 |
| 100 1# - MAIN ENTRY--PERSONAL NAME | |
| Personal name | Haseler, Stephen. |
| 245 10 - TITLE STATEMENT | |
| Title | Super-state : |
| Remainder of title | the new europe and its challenge to america / |
| Statement of responsibility, etc. | Stephen Haseler. |
| 260 ## - PUBLICATION, DISTRIBUTION, ETC. | |
| Place of publication, distribution, etc. | [S.l.] : |
| Name of publisher, distributor, etc. | I. B. Tauris, |
| Date of publication, distribution, etc. | 2004. |
| 300 ## - PHYSICAL DESCRIPTION | |
| Extent | 240 p. ; |
| Dimensions | 22 cm. |
| 520 ## - SUMMARY, ETC. | |
| Summary, etc. | Even before Donald Rumsfeld's infamous "Old Europe" gibe, Europe's divergence from America on issues like war with Iraq and trade competition has become increasingly ill-tempered. With the Euro successfully launched and a European army a real prospect, Europe is now a recognizable political entity on the world scene. A population of over 300 million and the world's largest economy have already turned the EU into a super-power, but it is now on the verge of being a super-state. Haseler examines why the new European super-state has emerged, how it will inevitably rival the United States and how America is reacting to this new world player. Super-State explores what this new EU super-state means for the citizens of Europe and their attitudes to America, looking specifically at how a eurosceptic Britain will fit into this new structure. |
| 856 40 - ELECTRONIC LOCATION AND ACCESS | |
| Materials specified | Amazon.com |
| Uniform Resource Identifier | <a href="http://www.amazon.com/exec/obidos/ASIN/1860648436/chopaconline-20">http://www.amazon.com/exec/obidos/ASIN/1860648436/chopaconline-20</a> |
| 942 ## - ADDED ENTRY ELEMENTS (KOHA) | |
| Source of classification or shelving scheme | |
| Koha item type | Book |
| Withdrawn status | Lost status | Damaged status | Not for loan | Collection code | Permanent Location | Current Location | Shelving location | Date acquired | Total Checkouts | Full call number | Barcode | Date last seen | Price effective from | Koha item type |
|---|---|---|---|---|---|---|---|---|---|---|---|---|---|---|
| Centre for International Peace & Stability (CIPS) | Centre for International Peace & Stability (CIPS) | General Stacks | 10/02/2013 | 320.9409045 HAS 2005 | CIPS0002375 | 12/13/2013 | 12/13/2013 | Book |
